000 01082nam a2200241Ia 4500
001 21648
005 20260422122059.0
008 260320s9999||||xx |||||||||||||| ||und||
020 _a9781784701994
041 _aING
082 _a616.994240092
_bK18
100 _aKalanithi, Paul,
_eAUT
245 0 _aWhen breath becomes air
260 _aLondon :
_bVintage,
_c2017
300 _axix, 228 páginas :
_c20 cm.
650 _aTCA
653 _aKalanithi, Paul - Biografía; Neurocirujanos - Estados Unidos; Paciente con cáncer de pulmón; Mortalidad
654 _aCCS
856 _uhttps://0u216xhg7-y-https-accessmedicina-mhmedical-com.itmsp.museknowledge.com/book.aspx?bookid=3499
_zVéase además: Levitzky. Fisiología pulmonar. Versión digital
856 _uhttps://0u216xhg7-y-https-accessmedicina-mhmedical-com.itmsp.museknowledge.com/
_zVéase además: Base de datos McGraw Hill Access Medicina
856 _uhttps://0u23fxhp8-y-https-www-clinicalkey-com.itmsp.museknowledge.com/student/login
_zVéase además: Base de datos ClinicalKey
942 _cLIB
_dJUS
_fMAT
_2ddc
999 _c21648
_d21648